Inverse Eigenvalue problems : theory, algorithms, and applications /

Bibliographic Details
Main Author: Chu, Moody Ten-Chao
Other Authors: Golub, Gene H. (Gene Howard), 1932-2007
Format: Book
Language:English
Published: Oxford ; New York : Oxford University Press, 2005.
Series:Oxford science publications.
Numerical mathematics and scientific computation.
Subjects:

MARC

Tag First Indicator Second Indicator Subfields
LEADER 00000cam a2200000 a 4500
001 in00002071221
005 20151102051950.0
008 050302s2005 enka f b 001 0 eng
020 |a 0198566646 
024 3 |a 9780198566649 
024 3 |a 9780198566649 (hbk.) 
035 |a (OCoLC)ocm59877517 
040 |a UKM  |c UKM  |d TJC  |d TXA  |d UtOrBLW 
049 |a TXAM 
082 0 |a 512.9436  |2 22 
090 |a QA193  |b .C48 2005 
100 1 |a Chu, Moody Ten-Chao. 
245 1 0 |a Inverse Eigenvalue problems :  |b theory, algorithms, and applications /  |c Moody T. Chu and Gene H. Golub. 
264 1 |a Oxford ;  |a New York :  |b Oxford University Press,  |c 2005. 
300 |a xvii, 387 pages :  |b illustrations ;  |c 24 cm. 
336 |a text  |b txt  |2 rdacontent 
337 |a unmediated  |b n  |2 rdamedia 
338 |a volume  |b nc  |2 rdacarrier 
490 1 |a Oxford science publications 
490 1 |a Numerical mathematics and scientific computation 
504 |a Includes bibliographical references (pages 359-380) and index. 
650 0 |a Eigenvalues. 
700 1 |a Golub, Gene H.  |q (Gene Howard),  |d 1932-2007. 
830 0 |a Oxford science publications. 
830 0 |a Numerical mathematics and scientific computation. 
948 |a cataloged  |b h  |c 2005/8/23  |d c  |e dmitchel  |f 8:20:10 am 
994 |a C0  |b TXA 
999 |a MARS 
999 f f |s 6a47d9f4-6105-363b-b492-552d595fbbd6  |i 61af7d1a-c66c-3d1c-86e6-ce08b157f789  |t 0 
952 f f |p normal  |a Texas A&M University  |b College Station  |c Sterling C. Evans Library  |d Evans: Library Stacks  |t 0  |e QA193 .C48 2005  |h Library of Congress classification  |i unmediated -- volume  |m A14832958406 
998 f f |a QA193 .C48 2005  |t 0  |l Evans: Library Stacks